1038 1900 1174 1780 1682 1421 1146 1659 1393 1414 1093 1612 1355 1575 1224 1026 1457 1371 1192 1105 1427 1311 1311 1774 1233 1663 1274 1815 1576 1653 1564 1062 1606 1652 1586 1673 1283 1587 1955 1298 1550 1513 1235 1452 1717 1611 1784 1302 1108 1189 1711 1707 1847 1588 1655 1988 1847 1027 1829 1894 1584 1828 1178 1759 1084 1981 1811 1789 1982 1458 1262 1841 1948 1191 1347 1323 1589 1299 1281 1053 1004 1160 1721 1473 1326 1338 1378 1697 1046 1102 1973 1324 1576 1328 1681 1222 1415 1501 1331 BCNSPRNW ULIB Ver.6.0+V

เปลี่ยนเป็นภาษาไทย

Change to English
 แสดงรายละเอียดบรรณานุกรม
  กลับหน้าหลัก

Brief Record : Get Marc (ISO 2709) : E-mail record : QR code < ปิดหน้าต่าง
LEADER : 00000nam 2200000uu 4500
001    13399114328
003     ULIB
008    120321s2553||||th 000 0 tha d
020    ^a9786167081366
090    ^aนว.^bi111ท 2553
100 0  ^aIrgendwann im November
245 00 ^aทะเลรักลวงใจ/^cIrgendwann im November
250    ^aพิมพ์ครั้งที่ 1
260    ^aกรุงเทพฯ :^bสมาร์ทบุ๊ค,^c2553
300    ^a416 หน้า
710 1  ^aสมาร์ทบุ๊ค
945    ^p260^l0^i16661
995    ^aกัณชพร
999    ^aใช้งานได้ทุกระบบ
รายการนี้ยังไม่มีแท็ก
คุณยังไม่ได้ล็อกอิน คุณสามารถมีกิจกรรมร่วมกับเว็บไซต์ได้ แต่ต้องล็อกอินก่อน ::
  ล็อกอิน

รายการสื่อสารสนเทศ

ลำดับที่ ประเภท เลขเรียก/บาร์โค้ด สถานที่ สถานะ
1. นวนิยาย
นวนิยาย
นว. i111ท 2553  
  Barcode: 16661
ห้องสมุดวิทยาเขตสวรรค์ประชารักษ์
►นวนิยาย
บนชั้น
  ขอยืม

BibComment


ยังไม่เคยถูกคอมเมนท์

คอมเมนท์ทรัพยากรรายการนี้
  คอมเมนท์: ทะเลรักลวงใจ Irg..


 Copyright 2026. Bcnsprnw @Library